01113nam a2200193Ia 4500001001100000003001000011008004100021040002500062041001300087100001200100245006700112250001100179260009000190300002800280500023300308501011400541520023300655650003100888L922-42594IT-CnALBA170116s9999||||xx |||||||||||||| ||und|| aIT-CnALBAcIT-CnALBA aITALIANO aAA. VV. 0aCHI È? DIZIONARIO DEGLI ITALIANI DI OGGI. SUPPLEMENTO 1929.  a1a ed. a GE RO BO MObFORMIGGINI A. F., EDIT. c1929 [1° Ed.:1929 - Ed.Ling.Originale: 1929] a115 p. (prefazione: 24) aINTRODUZIONE DELL'EDITORE. CATALOGO FORMIGGINI IN FINE VOLUME. FAMIGLIA REALE. MINISTERI PARLAMENTO. ALTRE STRUTTURE DELLO STATO. PARTITO FASCISMO, UNICO. VOCABOLARIO. DA ABRUZZI, DUCA DEGLI... AGNELLI,... FINO A ZUCCOLI DELIA.  aSocietà San Paolo EM - Piazza San Paolo, 14 - 12051 ALBA (CN) (non commercial uses only) ® Copyright 2017 aINTRODUZIONE DELL'EDITORE. CATALOGO FORMIGGINI IN FINE VOLUME. FAMIGLIA REALE. MINISTERI PARLAMENTO. ALTRE STRUTTURE DELLO STATO. PARTITO FASCISMO, UNICO. VOCABOLARIO. DA ABRUZZI, DUCA DEGLI... AGNELLI,... FINO A ZUCCOLI DELIA.  aBIOGRAFIE, UOMINI ILLUSTRI